| 000 | 00493cam a2200205ua 4500 | ||
|---|---|---|---|
| 001 | 9657 | ||
| 005 | 20260515114515.0 | ||
| 008 | 160314n ii |||gr||||Z||||||asm | ||
| 020 | _a9789381710487 | ||
| 040 | _cMAIN | ||
| 041 | _aasm | ||
| 082 | _a891.4513 | ||
| 100 |
_aBorgohain, Juri Borah, _eAuthor. |
||
| 245 | 1 |
_aLedolam _cby Juri Borah Borgohain |
|
| 250 | _a2nd ed. | ||
| 260 |
_aGuwahati: _bBanphool prakashan, _c2015. |
||
| 300 | _a511p. | ||
| 653 | _aAssamese novel | ||
| 942 | _cBK | ||
| 999 |
_c8669 _d8669 |
||